| 000 | 01002nam a22002177a 4500 | ||
|---|---|---|---|
| 999 |
_c17737 _d17737 |
||
| 003 | AR-CdUCM | ||
| 008 | 190307b ||||| |||| 00| 0 spa d | ||
| 040 |
_aMUNICIPALIDAD PROVINCIAL DEL CUSCO _cBIBLIOTECA MUNICIPAL DEL CUSCO |
||
| 082 |
_22ed. _a985.074 / _bP34 |
||
| 100 |
_aPease García, Henry _93185 |
||
| 245 |
_aEL ocaso del poder oligárquico : _bLucha política en la escena oficial 1968-1975 / |
||
| 260 |
_aBuenos Aires : _bEl Cid, _c1979. |
||
| 300 |
_a313 paginas ; _c20 cm. |
||
| 505 | _aContenido : La revolución del 68 en el proceso político peruano -- 1968-1970 criollización o radicalización -- La burguesía liberal frente al velasquismo (1970-74) -- La misión, los militares progresistas (1974-75) -- Notas sobre el estado a partir de 1968 ... | ||
| 650 |
_aAspectos políticos _98399 |
||
| 650 |
_aGobierno Revolucionario, 1968-1980 _96831 |
||
| 650 |
_aPolítica y gobierno _92693 |
||
| 650 |
_aPolítica-Perú _912962 |
||
| 942 |
_2ddc _cLIBROS |
||
| 945 |
_arum _d2019-05-09 |
||